| 000 | 01056nas a2200337 4500 | ||
|---|---|---|---|
| 001 | BR9501622 | ||
| 003 | BR-BrBNA | ||
| 005 | 20231205094304.0 | ||
| 007 | ta | ||
| 008 | 230509b bl.|||p| |||| 00| 00por d | ||
| 040 |
_aBR-BrBNA _bpor _cBiblioteca Nacional de Agricultura |
||
| 041 | _a(Pt) | ||
| 072 | _aN10 | ||
| 100 | 1 | _aBerto, D.A. | |
| 100 | 1 | _aConsigliero, F.R. | |
| 100 | 1 | _aPinheiro, M. da G. | |
| 100 | 1 | _aSchammass, E.A. | |
| 100 | 1 | _aCastro Junior, F.G. de | |
| 100 | 1 | _aMoura, M.P. de | |
| 100 | 1 | _aSobestiansky, J. | |
| 100 | 1 | _aGorni, M. | |
| 100 | 1 | _aCamargo, J.C. de M. | |
| 245 | 1 | _aInfluencia de diferentes tipos de piso e manejo das instalacoes em suinos submetidos ao teste de desempenho. 2. Efeito sobre o desempenho | |
| 650 | _aSUÍNO | ||
| 650 | _aPerformance | ||
| 650 | _aInstalacao para Animal | ||
| 650 | _aSao Paulo | ||
| 773 | 0 |
_tBoletim de Industria Animal (Brazil) _xISSN 0067-9615 _g(Jan-Jun 1993), v. 50(1) p. 19-24 _wBR9501622 |
|
| 909 |
_a202311 _bLúcia _c55 _dLúcia Elande |
||
| 942 |
_2AGRIS _n0 _cANA |
||
| 999 |
_c143351 _d143351 |
||